| 000 | 00779nam a2200193 a 4500 | ||
|---|---|---|---|
| 008 | 060316s1991 ||||||||||||||||| || u | ||
| 020 | _a008037879X | ||
| 020 | _a0080378781 | ||
| 050 | _aTS 233 Cle | ||
| 100 | _aClegg, A. J | ||
| 245 | 1 | 0 | _aPrecision casting processes |
| 260 |
_aOxford [England] _bPergamon Press _c1991 |
||
| 300 | _aviii, 293 p. : ill. | ||
| 350 | _a0.00 | ||
| 500 | _aIncludes bibliographical references | ||
| 650 | _aPRECISION CASTING | ||
| 995 |
_aMAIN LIBRARY OPEN ACCESS _D0.00 _e017009 _FCBU-MAIN LIBRARY (Kitwe) _H1 _I17.75 _jTS 233 Cle _UAVAILABLE _y017009 _ZMain Library Open Access Collection |
||
| 995 |
_aMAIN LIBRARY OPEN ACCESS _D0.00 _e017010 _FCBU-MAIN LIBRARY (Kitwe) _H2 _I17.75 _jTS 233 Cle _UAVAILABLE _y017010 _ZMain Library Open Access Collection |
||
| 999 |
_c77017 _d77017 |
||